Soziale Innovation im Fokus Skizze eines gesellschaftstheoretisch inspirierten Forschungskonzepts

Guardado en:
Detalles Bibliográficos
Autor principal: Howaldt, Jürgen
Otros Autores: Schwarz, Michael
Formato: Libro
Lenguaje:alemán
Publicado: Bielefeld [transcript] 2010
Materias:
Etiquetas: Agregar Etiqueta
Sin Etiquetas, Sea el primero en etiquetar este registro!

MARC

LEADER 00000nam a2200000 4500
001 0210085
005 20221108071415.6
020 |a 978-3-8376-1535-7 
041 0 |a ger 
044 |a DE 
245 1 0 |a Soziale Innovation im Fokus  |b Skizze eines gesellschaftstheoretisch inspirierten Forschungskonzepts  |c Jürgen Howaldt, Michael Schwarz 
264 1 |a Bielefeld  |b [transcript]  |c 2010 
300 |a 148 s. 
610 2 0 |a inovácia 
610 2 0 |a politika sociálna 
610 2 0 |a koncepcie 
610 2 0 |a teória sociálna 
610 2 0 |a veda 
610 2 0 |a výskum 
610 2 0 |a diskusia 
610 2 0 |a rozvoj sociálny 
100 1 |a Howaldt, Jürgen 
700 1 |a Schwarz, Michael